000 00638nam a2200217Ia 4500
005 20260114165603.0
008 008 260114s9999 xx 000 0 eng d
020 _a9780838996966
037 _aEBOOK
040 _aCRL
_beng
040 _cCRL
041 _aeng
_2eng
084 _qARTS
100 _aStielow, Frederick
_9870671
245 0 _aReinventing the library for online education
260 _bAmerican Library Association (ALA)
_c2014
650 _aHumanities and Social Science
_9870672
856 _uhttps://portal.igpublish.com/iglibrary/search/ALAB0000362.html
942 _cEBOOK
999 _c1469991
_d1469991